LEADER 01058nam1-22003131i-450- 001 990005583580403321 005 20050517123058.0 035 $a000558358 035 $aFED01000558358 035 $a(Aleph)000558358FED01 035 $a000558358 100 $a19990604d1972----km-y0itay50------ba 101 0 $aita 105 $af-------00--- 200 1 $a5-8.$eDel quartiere di S. Giovanni$fopera di Giuseppe Richa della Compagnia di Ges 205 $aRistampa dell'ed. originale : Firenze, 1754-1762 210 $aRoma$cSoc. Multigrafica Editrice$d1972 215 $a4 v., tav.$d25 cm 461 0$1001000558342$12001$aNotizie istoriche delle chiese fiorentine divise nT suoi quartieri$fopera di Giuseppe Richa della Compagnia di Gesł 610 0 $aFirenze$aChiese$aStoria 676 $a726.5094551$v21$zita 700 1$aRicha,$bGiuseppe$0215359 801 0$aIT$bUNINA$gRICA$2UNIMARC 901 $aBK 912 $a990005583580403321 952 $a726.5 RIC 1 (5-8)$bST. ARTE 11668$fFLFBC 959 $aFLFBC 996 $a5-8$9607978 997 $aUNINA LEADER 04564nam 2200793z- 450 001 9910404088003321 005 20210211 010 $a3-03928-687-0 035 $a(CKB)4100000011302258 035 $a(oapen)https://directory.doabooks.org/handle/20.500.12854/40813 035 $a(oapen)doab40813 035 $a(EXLCZ)994100000011302258 100 $a20202102d2020 |y 0 101 0 $aeng 135 $aurmn|---annan 181 $ctxt$2rdacontent 182 $cc$2rdamedia 183 $acr$2rdacarrier 200 00$aAnalysis and Design of Hybrid Energy Storage Systems 210 $cMDPI - Multidisciplinary Digital Publishing Institute$d2020 215 $a1 online resource (180 p.) 311 08$a3-03928-686-2 330 $aThe most important environmental challenge today's society is facing is to reduce the effects of CO2 emissions and global warming. Such an ambitious challenge can only be achieved through a holistic approach, capable of tackling the problem from a multidisciplinary point of view. One of the core technologies called to play a critical role in this approach is the use of energy storage systems. These systems enable, among other things, the balancing of the stochastic behavior of Renewable Sources and Distributed Generation in modern Energy Systems; the efficient supply of industrial and consumer loads; the development of efficient and clean transport; and the development of Nearly-Zero Energy Buildings (nZEB) and intelligent cities. Hybrid Energy Storage Systems (HESS) consist of two (or more) storage devices with complementary key characteristics, that are able to behave jointly with better performance than any of the technologies considered individually. Recent developments in storage device technologies, interface systems, control and monitoring techniques, or visualization and information technologies have driven the implementation of HESS in many industrial, commercial and domestic applications. This Special Issue focuses on the analysis, design and implementation of hybrid energy storage systems across a broad spectrum, encompassing different storage technologies (including electrochemical, capacitive, mechanical or mechanical storage devices), engineering branches (power electronics and control strategies; energy engineering; energy engineering; chemistry; modelling, simulation and emulation techniques; data analysis and algorithms; social and economic analysis; intelligent and Internet-of-Things (IoT) systems; and so on.), applications (energy systems, renewable energy generation, industrial applications, transportation, Uninterruptible Power Supplies (UPS) and critical load supply, etc.) and evaluation and performance (size and weight benefits, efficiency and power loss, economic analysis, environmental costs, etc.). 606 $aHistory of engineering and technology$2bicssc 610 $aactive power control 610 $abattery energy storage system (BESS) 610 $abattery management system 610 $abuck-boost converter 610 $aDC power systems 610 $aelectric vehicle (EV) 610 $aenergy storage 610 $aenergy storage system 610 $aenergy storage technologies 610 $afault ride-through capability 610 $afuel cell (FC) 610 $ahigh gain converters 610 $ahybrid 610 $ahybrid energy storage systems (HESSs) 610 $ahybrid storage systems 610 $alithium-ion batteries 610 $aload flow analysis 610 $aload modeling 610 $amicro combined heat and power (micro-CHP) system 610 $amicrogrid 610 $amicrogrids 610 $amultiport 610 $aphotovoltaic 610 $apower electronic converters 610 $apower quality 610 $apower systems modeling 610 $apower-line signaling 610 $apumped storage 610 $arail transportation power systems 610 $areal coded genetic algorithm (RCGA) 610 $arenewable energy sources 610 $ashipboard power systems 610 $asingle-phase 610 $asmart home (SH) 610 $asolar photovoltaic 610 $astate of charge 610 $astorage 610 $astorage operation and maintenance costs 610 $aultracapacitors 615 7$aHistory of engineering and technology 700 $aGarci?a$b Jorge$4auth$01323729 906 $aBOOK 912 $a9910404088003321 996 $aAnalysis and Design of Hybrid Energy Storage Systems$93035783 997 $aUNINA